太鼓の達人 歴代達人課題曲 - Statistics

General Stats
  • This quiz has been taken 152 times
  • The average score is 9 of 20
Answer Stats
収録バージョン Answer % Correct
キミドリ、ムラサキ、ホワイト、レッド、ニジイロ2020 幽玄ノ乱
84%
モモイロ 〆ドレー2000
73%
キミドリ、ムラサキ、ホワイト、レッド、グリーン 双竜ノ乱
67%
ブルー 第六天魔王
62%
イエロー、ブルー、ニジイロ2020 まださいたま2000
54%
キミドリ 万戈イムー一ノ十
52%
ホワイト、レッド、イエロー、ニジイロ2022 ≠MM
52%
グリーン poxei◆DOON
52%
ムラサキ Xa(裏)
47%
ニジイロ2020 Vixtory(裏)
45%
ニジイロ2021 続・〆ドレー2000
44%
モモイロ 初音ミクの消失 -劇場版-(裏)
41%
ブルー チャーリー ダッシュ!
41%
ニジイロ2021 憎悪と醜悪の花束(裏)
40%
モモイロ Hurtling Boys
38%
イエロー Infinite Rebellion
38%
グリーン 疾風怒濤(裏)
35%
ニジイロ2021 Taiko Drum Monster(裏)
34%
ニジイロ2022 ダンガンノーツ(裏)
31%
ニジイロ2022 神竜 ~Shinryu~(裏)
13%
No matching quizzes found
Score Distribution
Percent of People with Each Score
Percentile by Number Answered
Your Score History
You have not taken this quiz